UM Logo

Applied ethics : (Record no. 19253)

MARC details
000 -LEADER
fixed length control field 00499nam a22001577a 4500
008 - FIXED-LENGTH DATA ELEMENTS--GENERAL INFORMATION
fixed length control field 240221b ||||| |||| 00| 0 eng d
020 ## - INTERNATIONAL STANDARD BOOK NUMBER
International Standard Book Number 9781509547388
082 ## - DEWEY DECIMAL CLASSIFICATION NUMBER
Classification number DC 170
Item number At82 2023
100 ## - MAIN ENTRY--PERSONAL NAME
Personal name Attfield, Robin,
Relator term author.
9 (RLIN) 52872
245 ## - TITLE STATEMENT
Title Applied ethics :
Remainder of title an introduction /
Statement of responsibility, etc. Robin Attfield.
260 ## - PUBLICATION, DISTRIBUTION, ETC. (IMPRINT)
Place of publication, distribution, etc. Cambridge, UK :
Name of publisher, distributor, etc. Polity,
Date of publication, distribution, etc. ©2023.
300 ## - PHYSICAL DESCRIPTION
Extent vi, 218 ;
Dimensions 23 cm.
500 ## - GENERAL NOTE
General note Includes bibliographical references and index.<br/>
650 ## - SUBJECT ADDED ENTRY--TOPICAL TERM
Topical term or geographic name as entry element Ethics.
9 (RLIN) 52873
942 ## - ADDED ENTRY ELEMENTS (KOHA)
Source of classification or shelving scheme Dewey Decimal Classification
Koha item type Circulation
Holdings
Withdrawn status Lost status Source of classification or shelving scheme Damaged status Not for loan Collection code Home library Current library Date acquired Source of acquisition Cost, normal purchase price Total Checkouts Full call number Barcode Date last seen Price effective from Koha item type
    Dewey Decimal Classification     Circulation UM Digos College - LIC UM Digos College - LIC 07/19/2023 Purchased 2333.00   DC 170 At82 2023 27586 05/15/2025 02/21/2024 Circulation